Southville International School and Colleges
Your cart is empty.
  • Cart
  • Lists
    Public lists Eva Luna New books Lux_list list_1
    Your lists Log in to create your own lists
  • Log in to your account
  • Your cookies
  • Search history
Southville International School and Colleges
  • Advanced search
  • Recent comments
  • Most popular
  • Libraries

Log in to your account

Log in with GOOGLE


If you do not have an external account, but do have a local account, you can still log in:

  1. Home
  2. MARC view: The Ultimate guide to business success /
Normal view MARC view ISBD view

The Ultimate guide to business success / (Record no. 357106)

[ view plain ]
MARC details
000 -LEADER
fixed length control field 00573nam a2200229Ia 4500
008 - FIXED-LENGTH DATA ELEMENTS--GENERAL INFORMATION
fixed length control field 180523s9999 xx 000 0 und d
020 ## - INTERNATIONAL STANDARD BOOK NUMBER
International Standard Book Number 1-932531-10-6
050 ## - LIBRARY OF CONGRESS CALL NUMBER
Classification number MAIN HF 5438.25
050 ## - LIBRARY OF CONGRESS CALL NUMBER
Item number .K46 2004
100 ## - MAIN ENTRY--PERSONAL NAME
Personal name Kennedy, Dan
245 #4 - TITLE STATEMENT
Title The Ultimate guide to business success /
245 #0 - TITLE STATEMENT
Statement of responsibility, etc Dan Kennedy.
260 ## - PUBLICATION, DISTRIBUTION, ETC. (IMPRINT)
Place of publication, distribution, etc New York :
260 ## - PUBLICATION, DISTRIBUTION, ETC. (IMPRINT)
Name of publisher, distributor, etc Entrpreneur Press.
260 ## - PUBLICATION, DISTRIBUTION, ETC. (IMPRINT)
Date of publication, distribution, etc 2004
300 ## - PHYSICAL DESCRIPTION
Extent 284 pages :
300 ## - PHYSICAL DESCRIPTION
Other physical details illustrations ;
300 ## - PHYSICAL DESCRIPTION
Dimensions 19 cm.
500 ## - GENERAL NOTE
General note Includes index.
650 ## - SUBJECT ADDED ENTRY--TOPICAL TERM
Topical term or geographic name as entry element Selling.
650 ## - SUBJECT ADDED ENTRY--TOPICAL TERM
General subdivision Success in business.
Holdings
Withdrawn status Lost status Damaged status Home library Current library Shelving location Date acquired Total Checkouts Full call number Barcode Date last seen Price effective from Koha item type
      South Mansfield College South Mansfield College   06/16/2015   MAIN HF 5438.25 .K46 2004 SMC05968 05/23/2018 05/23/2018  

The Ultimate guide to business success /

APA

Kennedy D., .The Ultimate guide to business success. New York: .

Chicago

Kennedy Dan, .The Ultimate guide to business success. New York: .

Harvard

Kennedy D., .The Ultimate guide to business success. New York: .

MLA

Kennedy Dan, .New York: . .

  • Place hold
  • Print
  • Cite
  • Add to your cart (remove)
  • Save record
    BIBTEX Dublin Core MARCXML MARC (non-Unicode/MARC-8) MARC (Unicode/UTF-8) MARC (Unicode/UTF-8, Standard) MODS (XML) RIS
  • More searches
    Search for this title in:
    Other Libraries (WorldCat) Other Databases (Google Scholar) Online Stores (Bookfinder.com) Open Library (openlibrary.org)

Exporting to Dublin Core...

SOUTHVILLE LIBRARY

Southville International School and Colleges Library

1281 Tropical Ave. Cor. Luxembourg St., BF Homes International, Las Pinas City

Tel. No. 8256374 / 252358 Loc. 117/146

Powered by Koha